000 00462nam a2200145Ia 4500
008 100122s9999 xx 000 0 und d
082 _b30883
_a808.6
100 _aदांडेकर मालती
245 _aअलका तू असं लिही
260 _bवरदा बुक्स
_c1979
300 _a208
630 _aअलका तू असं लिही
730 _aअलका तू असं लिही
942 _cBOOK
999 _c415660
_d415657